| 000 | 00394nam a2200157 4500 | ||
|---|---|---|---|
| 005 | 20251130164922.0 | ||
| 008 | 251130b |||||||| |||| 00| 0 eng d | ||
| 020 | _qhbk | ||
| 041 | _aeng | ||
| 082 | _a624.15136 SHE | ||
| 100 | _aShen, Jie | ||
| 245 |
_aSoil Machine Interactions _cJie Shen |
||
| 260 |
_aNew York _bMarcel Dekker _c1998 |
||
| 300 | _aix, 333 p. ill.: 23 c.m. | ||
| 942 | _cREF | ||
| 999 |
_c599544 _d599544 |
||